00872cam a2200277 a 45000010008000000030005000080050017000130080041000300100017000710200018000880400018001060430012001240500028001360820016001641000029001802450053002092500017002622600061002793000021003406500031003616500033003926510020004256550031004456550028004768560090005043035797Nust20171121172113.0951107r1996 nyu 000 1 eng  a 95049317  a9780571230587 aDLCcDLCdDLC aa-ii---00aPR9199.3.M494bF56 199600a813.54bMIS1 aMistry, Rohinton,d1952-12aA fine balance :ba novel /cby Rohinton Mistry. a1st U.S. ed. aNew York :bKnopf :bDistributed by Random House,c1996. a614 p. ;c25 cm. 0aApartment housesxFiction. 0aCity and town lifexFiction. 0aIndiaxFiction. 7aHistorical fiction.2gsafd 7aDomestic fiction.2lcsh423Publisher descriptionuhttp://www.loc.gov/catdir/description/random0410/95049317.html